Nghìn lẻ một đêm = Mille nuits et une nuit : Truyện kể (Mười tập)

שמור ב:
מידע ביבליוגרפי
פורמט: ספר
שפה:Undetermined
יצא לאור: Hà Nội Văn học 1983
נושאים:
תגים: הוספת תג
אין תגיות, היה/י הראשונ/ה לתייג את הרשומה!
Thư viện lưu trữ: Trung tâm Học liệu Trường Đại học Cần Thơ
LEADER 00572nam a2200193Ia 4500
001 CTU_15977
008 210402s9999 xx 000 0 und d
082 |a 398.2093948 
082 |b Ngh311/T.5 
245 0 |a Nghìn lẻ một đêm = 
245 0 |b Mille nuits et une nuit : Truyện kể (Mười tập) 
245 0 |c Nguyên Trác (dịch) 
260 |a Hà Nội 
260 |b Văn học 
260 |c 1983 
650 |a Fairy tales 
650 |z Arab countries 
910 |a Huỳnh Mai 
980 |a Trung tâm Học liệu Trường Đại học Cần Thơ